00421 2200157 4500001002100000005001500021008004100036020001900077035001900096082000800115090001400123100001600137245003400153260004500187300003100232INLIS00000000000746220241224113458241224||||||||| | ||| |||| ||  a978602755213-5 0010-12240074620 a813 a813 JAN k0 aJanu Ismadi00aKode Rahasia di Balik Lukisan aJakarta TimurbDELTA EDUKASI PRIMAc2012 a112 hlm; ilust: 14 x 19 cm